书目信息 |
| 题名: |
如何成功创办一个小企业
|
|
| 作者: | ;北京光华慈善基金会 编 | |
| 分册: | ||
| 出版信息: | 上海 华东师范大学出版社 2008 |
|
| 页数: | 98页 | |
| 开本: | 26cm | |
| 丛书名: | ||
| 单 册: | ||
| 中图分类: | F276.3 | |
| 科图分类: | ||
| 主题词: | 小型企业--企业管理--中等专业学校--教学参考资料 | |
| 电子资源: | ||
| ISBN: | 978-7-5617-6307-0 | |
| 000 | 00741nam0 2200229 450 | |
| 001 | 338672 | |
| 005 | 20150603152643.45 | |
| 010 | @a978-7-5617-6307-0@dCNY12.60 | |
| 100 | @a20110827e20092008em y0chiy0110 ea | |
| 101 | 0 | @achi |
| 102 | @aCN@b310000 | |
| 105 | @afk z 000yy | |
| 106 | @ar | |
| 200 | 1 | @a如何成功创办一个小企业@Aru he cheng gong chuang ban yi ge xiao qi ye@f北京光华慈善基金会编 |
| 210 | @a上海@c华东师范大学出版社@d2008@h2009重印 | |
| 215 | @a98页@c图, 表@d26cm | |
| 300 | @a中等职业学校教学用书 | |
| 606 | 0 | @a小型企业@x企业管理@x中等专业学校@j教学参考资料 |
| 690 | @aF276.3@v5 | |
| 711 | 02 | @a北京光华慈善基金会@Abei jing guang hua ci shan ji jin hui@4编 |
| 801 | 0 | @aCN@b卓展宏图@c20150525 |
| 905 | @dF276.3@e1226@f4 | |
| 如何成功创办一个小企业/北京光华慈善基金会编.-上海:华东师范大学出版社,2008(2009重印) |
| 98页:图, 表;26cm |
| 中等职业学校教学用书 |
| ISBN 978-7-5617-6307-0:CNY12.60 |
| ● |
| 相关链接 |
|
|
|
|
正题名:如何成功创办一个小企业
索取号:F276.3/1226
 
预约/预借
| 序号 | 登录号 | 条形码 | 馆藏地/架位号 | 状态 | 备注 |
| 1 | 860063 | 208600637 | 第一样本阅览室/ [索取号:F276.3/1226] | 在馆 | |
| 2 | 860064 | 208600646 | 第一借阅区/ [索取号:F276.3/1226] | 在馆 | |
| 3 | 860065 | 208600655 | 密集书库-海洋学院/ [索取号:F276.3/1226] | 在馆 | |
| 4 | 860066 | 208600664 | 第一借阅区/ [索取号:F276.3/1226] | 在馆 |